The Time machine

Bibliographic Details
Main Author: Wells, H.G
Format: Book
Published: New York : Ace Books , 1988
Subjects:

MARC

LEADER 00000cam a2200000 7i4500
001 0000051873
005 .0
020 |a 0441009190 
090 0 0 |a F   |b WEL 
100 1 |a Wells, H.G. 
245 1 4 |a The Time machine   |c H.G. Wells 
260 |a New York :   |b Ace Books ,   |c 1988 
300 |a 138p. ;   |c 17cm. 
650 0 0 |a English fiction 
999 |a 124033   |b BUKU   |c FICTION   |e PERPUSTAKAAN KOMUNITI PETALING JAYA 
999 |a 124034   |b BUKU   |c FICTION   |e PERPUSTAKAAN KOMUNITI PETALING JAYA 
999 |a 124035   |b BUKU   |c FICTION   |e PERPUSTAKAAN KOMUNITI PETALING JAYA